书目信息 |
| 题名: |
AutoCAD 2004与AutoCAD LT 2004从入门到精通
|
|
| 作者: | 欧姆拉, , Omura, 著 ;冯华英 译 | |
| 分册: | ||
| 出版信息: | 北京 电子工业出版社 2004.1 |
|
| 页数: | 19, 881页 | |
| 开本: | 26cm | |
| 丛书名: | “从入门到精通”系列丛书 | |
| 单 册: | ||
| 中图分类: | TP391.72 | |
| 科图分类: | ||
| 主题词: | 计算机辅助设计--ji suan ji fu zhu she ji--图形软件 , 图形软件--tu xing ruan jian | |
| 电子资源: | ||
| ISBN: | 7-5053-9429-0 | |
| 000 | 01454cam2 2200337 450 | |
| 001 | 012006000832 | |
| 005 | 20060329101010.1 | |
| 010 | @a7-5053-9429-0@dCNY86.00 | |
| 100 | @a20050716d2004 em y0chiy0121 ea | |
| 101 | 1 | @achi@ceng |
| 102 | @aCN@b110000 | |
| 105 | @afk z 000yy | |
| 200 | 1 | @aAutoCAD 2004与AutoCAD LT 2004从入门到精通@AAutoCAD 2004 yu AutoCAD LT 2004 cong ru men dao jing tong@d= Mastering AutoCAD 2004 and AutoCAD LT 2004@f(美)[欧姆拉]George Omura著@g冯华英等译@zeng |
| 210 | @a北京@c电子工业出版社@d2004.1 | |
| 215 | @a19, 881页@c图@d26cm | |
| 225 | 2 | @a“从入门到精通”系列丛书@A“ cong ru men dao jing tong” xi lie cong shu |
| 304 | @a书名原文:Mastering AutoCAD 2004 and AutoCAD LT 2004 | |
| 306 | @a据SYBEX Inc. 2003年英文版译出, 由SYBEX授权电子工业出版社出版 | |
| 330 | @a本书以大量示例详细讲解例AutoCAD 2004的最新功能和绘图方法,并且以操作步骤的方式引导读者顺利完成各种绘图操作练习。 | |
| 461 | 0 | @12001 @a从入门到精通系列丛书 |
| 510 | 1 | @aMastering AutoCAD 2004 and AutoCAD LT 2004@zeng |
| 606 | 0 | @a计算机辅助设计@Aji suan ji fu zhu she ji@x图形软件 |
| 606 | 0 | @a图形软件@Atu xing ruan jian |
| 610 | 0 | @aAutoCAD 2004 |
| 690 | @aTP391.72@v4 | |
| 701 | 1 | @c(美)@a欧姆拉,@Aou mu la@bG.@g(Omura, George)@4著 |
| 701 | 1 | @c(美)@aOmura,@bG.@g(Omura, George)@4著 |
| 702 | 0 | @a冯华英@Afeng hua ying@4译 |
| 801 | 0 | @aCN@bSRXX@c20060104 |
| 801 | 2 | @aCN@bSRXX@c20060329 |
| 905 | @a10447@dTP391.72@eO270 | |
| AutoCAD 2004与AutoCAD LT 2004从入门到精通= Mastering AutoCAD 2004 and AutoCAD LT 2004/(美)[欧姆拉]George Omura著/冯华英等译.-北京:电子工业出版社,2004.1 |
| 19, 881页:图;26cm.-(“从入门到精通”系列丛书) |
| ISBN 7-5053-9429-0:CNY86.00 |
| 本书以大量示例详细讲解例AutoCAD 2004的最新功能和绘图方法,并且以操作步骤的方式引导读者顺利完成各种绘图操作练习。 |
| ● |
| 相关链接 |
|
|
|
正题名:AutoCAD 2004与AutoCAD LT 2004从入门到精
索取号:TP391.72/O270
 
预约/预借
| 序号 | 登录号 | 条形码 | 馆藏地/架位号 | 状态 | 备注 |
| 1 | 549116 | 205491163 | 期刊室512/301自科库 110排2列2层/ [索取号:TP391.72/O270] | 在馆 | |
| 2 | 549117 | 205491172 | 自科二线504/504自科库 4排1列4层/ [索取号:TP391.72/O270] | 在馆 | |
| 3 | 549118 | 205491181 | 期刊室512/301自科库 110排2列2层/ [索取号:TP391.72/O270] | 在馆 |